000 00696nam a2200241 i 4500
001 C2-0306777
003 PPAK
005 20180728093223.0
008 101215s2008 enka|||| ||||| | eng d
020 _a9780007281398
040 _aPPAK
_beng
_cPPAK
_erda
082 0 4 _a928
_223
090 0 0 _a928
_bMOR
_dG
100 1 _aMorais, Fernando,
_eauthor
245 1 2 _aA warrior's life :
_ba biography of Paulo Coelho
264 1 _aLondon :
_bHarperCollins Publishers ,
_c2008
300 _a614 pages :
_billustrations ;
_c18 cm
336 _2rdacontent
_atext
337 _2rdamedia
_aunmediated
338 _2rdacarrier
_avolume
650 1 0 _aAlchemist fiction. ; Biography.
942 _ddc
_cB
999 _c109612
_d109612